ՀՀ Գիտությունների ազգային ակադեմիայի հիմնարար գիտական գրադարան  =   Fundamental Scientific Library of NAS RA

Անուրջներ : (Record no. 541749)

MARC details
000 -LEADER
fixed length control field 03556nam a2200337 a 4500
003 - CONTROL NUMBER IDENTIFIER
control field AM-YEHGA
005 - DATE AND TIME OF LATEST TRANSACTION
control field 20260320115520.0
008 - FIXED-LENGTH DATA ELEMENTS--GENERAL INFORMATION
fixed length control field 260320s1904 ir |||||r|||| 00||j arm d
040 ## - CATALOGING SOURCE
Original cataloging agency AM-YEHGA
041 ## - LANGUAGE CODE
Language code of text/sound track or separate title arm
100 1# - MAIN ENTRY--PERSONAL NAME
Personal name Շրէյներ, Օ.
245 10 - TITLE STATEMENT
Title Անուրջներ :
Remainder of title Պատմվածք /
Statement of responsibility, etc. Օ. Շրէյներ ; Հրատարակութիւն Ատրպետի ; Թարգ.՝ Ռ. Խ., Տ. Տ.
260 ## - PUBLICATION, DISTRIBUTION, ETC.
Place of publication, distribution, etc. Թաւրիզ :
Name of publisher, distributor, etc. Տպարան Ատրպատականի հայերի թէմական արագատիպ,
Date of publication, distribution, etc. 1904.
300 ## - PHYSICAL DESCRIPTION
Extent (9 գիրք մեկ կազմի մեջ) ; 40 էջ ;
Other physical details 18 սմ.
500 ## - GENERAL NOTE
General note Շարվածքը 12,5X9 սմ:
500 ## - GENERAL NOTE
General note Հրատարակութիւն Ատրպետի No 3:
500 ## - GENERAL NOTE
General note Շապիկին՝ Ձօնում եմ հայկական տառերի գտիչի Ս. Մեսրոբի անմահ յիշատակին հրատարակիչ:
500 ## - GENERAL NOTE
General note Տիտղոսաթերթին՝ «Նւիրում եմ զրոյցներս պզտիկ աղջկանս, որ Տիրոջ շնորհիւ պիտի զարգանա, մինչեւ որ կատարելապէս ըմբռնէ այն, ինճ որ ներկայիս դեռ շօշափելի չէ մեզ համար եւ ներկայանում է մեզ անուրջների երեւակայութիւնների մէջ / Օ. Շրէյնէր:
500 ## - GENERAL NOTE
General note Տիտղոսաթերթի դարձերեսին՝ Արտատպած է «Տարազ» հանդիսի N 37-38, 1897:
500 ## - GENERAL NOTE
General note Շապիկի դարձերեսին՝ Ատրպատականի հայերի թեմական տպարանում վաճառվող գրքերի ցանկը:
500 ## - GENERAL NOTE
General note Շապիկի վերջերեսին՝ Ատրպետի երկերի ժողովածուի 6 հատորների ցանկը:
500 ## - GENERAL NOTE
General note Ալիգ 5
501 ## - WITH NOTE
With note Մեկ կազմի մեջ՝ Գեղեցիկ ասացուածք / Գէորք ծ. վրդ. Արսլանեան։ Կ. Պոլիս: Տպարան «Կոհակ»ի: 1913։ - Ալիգ 1 ; Ազատութիւն քաղաքական և տնտեսական : Ատենախօսություն / Հմայեակ Արամեանց (Շւոտ Մ.Տ.)։ Կ. Պոլիս: Տպագրութիւն Վ. եւ Հ. Տէր-Ներսէսեան։ 1908։ - Ալիգ 2 ; Գիւղական ուսուցչի ձայնը / Կապանաձէ։ Թիֆլիս: Ելեքտրաշարժ տպարան օր. Ն. Աղանեանի։ 1907։ - Ալիգ 3 ; Կայծկլտուք : (Քերթուածներ) / Յովհաննէս Մ.Խ. Գմբէթեան։ Կ. Պոլիս: Տպագրութիւն Արշակ Կ. Կարօեան։ 1910։ - Ալիգ 4 ; Սուրբ Մեսրոպ / Ատոմ Եարճանեան-Սիամանթօ։ Կ. Պոլիս: տպ. Օ. Արզուման։ 1914։ - Ալիգ 6 ; Երկրագործութեան անտառաց եւ հանքաց : Զարգացումն ու շահագործումն / Ն. Տաղաւարեան։ Կ. Պոլիս: Տպարան Օ. Արզուման։ 1909։ - Ալիգ 7 ; Պատմութիւն Հնչակեան կուսակցութեան ։ Ա․ հատոր / Հմայակ Արամեանց։ Կ. Պոլիս: Տպարան «Կոհակ»ի։ 1912։ - Ալիգ 8 ; Ապստամբ Յիսուսը / Կարլ Կաուցկի։ Կ. Պոլիս: Տպարան «Կոհակ»ի։ 1913։ - Ալիգ 9
650 14 - SUBJECT ADDED ENTRY--TOPICAL TERM
Topical term or geographic name entry element Գերմանական գեղարվեստական գրականություն
9 (RLIN) 5667
651 #4 - SUBJECT ADDED ENTRY--GEOGRAPHIC NAME
Geographic name Թավրիզ
9 (RLIN) 8577
651 #4 - SUBJECT ADDED ENTRY--GEOGRAPHIC NAME
Geographic name Իրան
700 1# - ADDED ENTRY--PERSONAL NAME
Personal name Ատրպետ,
Dates associated with a name 1860-1937
Relator term հրատ.
Relationship pbl
9 (RLIN) 971
700 1# - ADDED ENTRY--PERSONAL NAME
Personal name Ռ. Խ.
Relator term թարգմ.
Relationship trl
700 1# - ADDED ENTRY--PERSONAL NAME
Personal name Տ.Տ.
Relator term թարգմ.
Relationship trl
942 ## - ADDED ENTRY ELEMENTS (KOHA)
Source of classification or shelving scheme Universal Decimal Classification
Koha item type Գրքեր / Books
Suppress in OPAC No
Holdings
Withdrawn status Lost status Source of classification or shelving scheme Damaged status Not for loan Collection Home library Current library Date acquired Serial enumeration / chronology Inventory number Total checkouts Full call number Barcode Date last seen Price effective from Koha item type Public note
    Universal Decimal Classification     Postanjyan Individual Collection Fundamental Scientific Library Fundamental Scientific Library 20/03/2026 Ալիգ 5 Պոսթ/131   Պոսթ/127 FL0704549 20/03/2026 20/03/2026 Գրքեր / Books ILL Non-Circ.


ՀՀ ԳԱԱ հիմնարար գիտական գրադարան
ՀՀ,Երևան 0019
Մարշալ Բաղրամյան 24/6
հեռախոս:(374-10) 52-47-50
Հետադարձ կապ

All site content, except where otherwise noted, is licensed under a
Creative Commons License